[Event "London"]
[Site "?"]
[Date "1987.??.??"]
[Round "?"]
[White "Hebden, M."]
[Black "Nunn, J."]
[Result "0-1"]
[WhiteElo "2515"]
[BlackElo "2585"]
[PlyCount "72"]
[EventDate "1987.??.??"]
[Source "ChessBase"]
[SourceDate "1987.07.01"]

1. e4 e5 2. f4 d5 3. exd5 c6 4. Nc3 exf4 5. Nf3 Bd6 6. d4 Ne7 7. Bc4 cxd5 8. Bxd5 O-O 9. O-O Nbc6 10. Bb3 Bg4 11. Ne4 Bc7 12. c3 Ng6 13. Nf2 Bf5 14. Nd3 Na5 15. Nfe1 Nxb3 16. axb3 Qh4 17. Qf3 Rae8 18. Bxf4 Nxf4 19. Nxf4 Be4 20. Qh5 Qd8 21. g3 a6 22. b4 f5 23. Neg2 Rf6 24. Rae1 Rh6 25. Qe2 g5 26. Nd3 Bc6 27. Qf2 Rf8 28. c4 f4 29. gxf4 gxf4 30. Ndxf4 Bxg2 31. Qxg2+ Kh8 32. Ne6 Bxh2+ 33. Kh1 Be5+ 34. Kg1 Bxd4+ 35. Rf2 Bxf2+ 36. Qxf2 Rxe6 0-1

[Event "London ENG"]
[Site "London ENG"]
[Date "1987.??.??"]
[Round "?"]
[White "Gallagher, Joseph G"]
[Black "Nunn, John D M"]
[Result "0-1"]
[WhiteElo "2405"]
[BlackElo "2585"]
[PlyCount "82"]
[EventDate "1987.??.??"]
[Source "www.chesslib.no"]
[SourceDate "2004.05.04"]

1. e4 e5 2. f4 d5 3. exd5 c6 4. Nc3 exf4 5. Nf3 Bd6 6. d4 Ne7 7. dxc6 Nbxc6 8. d5 Nb4 9. Bc4 Bf5 10. Bb3 Qb6 11. a3 Na6 12. Qd4 Nc5 13. O-O O-O 14. Kh1 Bd3 15. cxd3 Qxb3 16. Ne4 Nf5 17. Nxc5 Nxd4 18. Nxb3 Nxb3 19. Rb1 Rac8 20. Ng5 Rc5 21. Bxf4 Bxf4 22. Rxf4 Rxd5 23. Rb4 Nd4 24. Ne4 f5 25. Nc3 Rd7 26. a4 Re8 27. h3 Kf7 28. Kh2 g5 29. Rf1 Kg6 30. Rc4 Re3 31. Rc8 h6 32. Rg8+ Kh7 33. Ra8 a6 34. Rd1 Kg7 35. a5 Nc6 36. Rf1 f4 37. Ne4 Rdxd3 38. Nc5 Rd2 39. Nxb7 Ree2 40. Rg1 Ne5 41. Rc1 Rxg2+ 0-1

[Event "Thessaloniki ol (Men)"]
[Site "Thessaloniki GRE"]
[Date "1988.??.??"]
[Round "2"]
[White "Hellers, Ferdinand"]
[Black "Valkesalmi, Kimmo"]
[Result "1-0"]
[WhiteElo "2490"]
[BlackElo "2430"]
[PlyCount "45"]
[EventDate "1988.11.??"]
[Source "www.chesslib.no"]
[SourceDate "2004.05.04"]

1. e4 e5 2. f4 d5 3. exd5 exf4 4. Nf3 c6 5. Nc3 Bd6 6. Bc4 Ne7 7. dxc6 Nbxc6 8. d4 Bf5 9. O-O O-O 10. Nh4 Rc8 11. Kh1 Bb8 12. Bxf4 Nxd4 13. Nxf5 Nexf5 14. Bd3 Ne7 15. Bxb8 Rxb8 16. Qh5 f5 17. Rad1 Qb6 18. Bc4+ Kh8 19. Na4 Qf6 20. Nc5 Qc6 21. b4 Nxc2 22. Qe2 Qe4 23. Nxe4 1-0

[Event "op, Edinburgh SCO"]
[Site "Edinburgh"]
[Date "1996.??.??"]
[Round "?"]
[White "Shaw, J."]
[Black "Orr, M."]
[Result "0-1"]
[WhiteElo "2365"]
[BlackElo "2480"]
[PlyCount "48"]
[EventDate "1996.??.??"]
[Source "www.chesslib.no"]
[SourceDate "2004.05.04"]

1. e4 e5 2. f4 exf4 3. Nf3 Ne7 4. Nc3 d5 5. exd5 Nxd5 6. Nxd5 Qxd5 7. d4 Bd6 8. c4 Qe6+ 9. Be2 c5 10. O-O O-O 11. Bd3 Qh6 12. d5 Bg4 13. h3 Bh5 14. g4 Bg6 15. h4 Nd7 16. Kg2 Rae8 17. Kh3 Bxd3 18. Qxd3 Qg6 19. Qxg6 fxg6 20. Ng5 Re2 21. Ne6 f3 22. Rh1 Rg2 23. Nxf8 Rg3+ 24. Kh2 Nf6 0-1

[Event "Wch U20"]
[Site "Santiago CHI"]
[Date "1990.??.??"]
[Round "8"]
[White "Sherzer, Alex"]
[Black "Moutousis, Konstantinos"]
[Result "0-1"]
[WhiteElo "2440"]
[BlackElo "2390"]
[PlyCount "98"]
[EventDate "1990.08.??"]
[Source "www.chesslib.no"]
[SourceDate "2004.05.04"]

1. e4 e5 2. f4 d5 3. exd5 c6 4. Nc3 exf4 5. Nf3 Bd6 6. Bc4 Ne7 7. dxc6 Nbxc6 8. d4 O-O 9. O-O Bg4 10. Ne4 Bc7 11. c3 Ng6 12. Qc2 Rc8 13. Neg5 Bb8 14. Qb3 Rc7 15. Bd3 Rd7 16. Bd2 Rd5 17. h3 Bh5 18. Qxb7 Na5 19. Qa6 Rxg5 20. Nxg5 Qxg5 21. Qb5 f5 22. Qxa5 Kh8 23. Qd5 Nh4 24. Be4 h6 25. g4 Bxg4 26. hxg4 Qxg4+ 27. Bg2 f3 28. Qxf3 Nxf3+ 29. Rxf3 Bg3 30. Be1 Bf4 31. Bf2 Re8 32. Re1 Rxe1+ 33. Bxe1 g5 34. d5 Bd6 35. Bf2 Kh7 36. Bxa7 f4 37. c4 Qc8 38. Bf1 g4 39. Bd3+ Kh8 40. Rf1 f3 41. Kf2 Bc5+ 42. Bxc5 Qxc5+ 43. Kg3 h5 44. Kh4 Qd4 45. Rd1 Kg7 46. Kxh5 g3 47. d6 g2 48. d7 Qxd7 49. Kh4 f2 0-1

[Event "Malgrat"]
[Site "?"]
[Date "1991.??.??"]
[Round "1"]
[White "Pablo, A."]
[Black "Campos Moreno, J."]
[Result "1-0"]
[WhiteElo "2340"]
[BlackElo "2475"]
[PlyCount "79"]
[EventDate "1991.??.??"]
[Source "www.chesslib.no"]
[SourceDate "2004.05.04"]

1. e4 e5 2. f4 exf4 3. Nf3 d5 4. exd5 c6 5. Nc3 Bd6 6. d4 Ne7 7. Bd3 Nxd5 8. O-O Nxc3 9. bxc3 Be6 10. Qe2 Nd7 11. Rb1 b6 12. c4 O-O 13. Bxf4 Bxf4 14. Qe4 Bxh2+ 15. Nxh2 g6 16. Qxc6 Rc8 17. Qb5 Nf6 18. Qe5 Nd7 19. Qe2 Nf6 20. d5 Bd7 21. Qf2 Ng4 22. Nxg4 Bxg4 23. a4 Qd6 24. a5 Rb8 25. axb6 axb6 26. Kh1 f5 27. Rb5 f4 28. Rfb1 f3 29. g3 Qe5 30. Re1 Qh5+ 31. Kg1 Bh3 32. d6 g5 33. c5 Bg2 34. Bc4+ Kg7 35. Qd4+ Rf6 36. Re7+ Kg6 37. Qe4+ Rf5 38. Qe6+ Rf6 39. Bd3+ Kh6 40. Qxf6+ 1-0

[Event "Troll Masters"]
[Site "Gausdal"]
[Date "1990.??.??"]
[Round "6"]
[White "Westerinen, Heikki MJ"]
[Black "Engqvist, Thomas"]
[Result "1-0"]
[WhiteElo "2475"]
[BlackElo "2335"]
[PlyCount "37"]
[EventDate "1990.01.??"]
[Source "ChessBase"]

1. e4 e5 2. f4 d5 3. exd5 c6 4. Nc3 exf4 5. Nf3 Bd6 6. d4 Ne7 7. dxc6 Nbxc6 8. Ne4 Bc7 9. Bc4 O-O 10. O-O Bg4 11. c3 Bxf3 12. Rxf3 Ne5 13. Rh3 h6 14. Nf6+ Kh8 15. Bxf4 N5g6 16. Bxh6 gxh6 17. Qh5 Kg7 18. Rf1 Rh8 19. Nh7 1-0

[Event "Paris FRA MI CDPE"]
[Site "Paris"]
[Date "1998.??.??"]
[Round "?"]
[White "Gervasio, R."]
[Black "Nikcevic, N."]
[Result "1-0"]
[WhiteElo "2310"]
[BlackElo "2480"]
[PlyCount "127"]
[EventDate "1998.??.??"]
[Source "www.chesslib.no"]
[SourceDate "2004.05.04"]

1. e4 e5 2. f4 exf4 3. Nf3 Nf6 4. Nc3 d5 5. exd5 Nxd5 6. Bc4 Nxc3 7. dxc3 Bd6 8. Qe2+ Qe7 9. Qxe7+ Kxe7 10. Bd2 Be6 11. Bxe6 fxe6 12. O-O-O Nd7 13. Rhe1 Rhe8 14. Kb1 h6 15. h4 Nf6 16. c4 Rad8 17. b4 c6 18. Bc3 Bc7 19. Bd4 a6 20. Rd3 Kf7 21. Be5 Bxe5 22. Nxe5+ Kg8 23. Ng6 Nh5 24. Re4 Rxd3 25. cxd3 Nf6 26. Re1 e5 27. Rxe5 Rxe5 28. Nxe5 g5 29. a4 g4 30. Kc2 f3 31. gxf3 g3 32. f4 Nh5 33. f5 g2 34. Nf3 Ng3 35. f6 Ne2 36. Kd2 g1=Q 37. Nxg1 Nxg1 38. Ke3 Kf7 39. Kf2 Nh3+ 40. Kg3 Ng1 41. Kf2 Kxf6 42. Kxg1 Ke5 43. Kf2 Kd4 44. Ke2 Kc3 45. b5 Kb4 46. bxa6 bxa6 47. Kd2 a5 48. Kc2 h5 49. Kb2 Kxa4 50. Kc3 Ka3 51. c5 a4 52. d4 Ka2 53. Kc2 a3 54. d5 Ka1 55. Kc1 a2 56. Kc2 cxd5 57. c6 d4 58. c7 d3+ 59. Kxd3 Kb2 60. c8=Q a1=Q 61. Qc3+ Ka2 62. Qc4+ Ka3 63. Qa6+ Kb2 64. Qxa1+ 1-0

[Event "Augustow"]
[Site "Augustow"]
[Date "1989.??.??"]
[Round "2"]
[White "Pedzich, Dominik"]
[Black "Juroszek, Tadeusz"]
[Result "1/2-1/2"]
[WhiteElo "2360"]
[BlackElo "2425"]
[PlyCount "27"]
[EventDate "1989.??.??"]
[Source "www.chesslib.no"]
[SourceDate "2004.05.04"]

1. e4 e5 2. f4 d5 3. exd5 c6 4. Nc3 exf4 5. Nf3 Bd6 6. d4 Nf6 7. Qe2+ Kf8 8. Ne5 Qb6 9. Nc4 Qd8 10. Nxd6 Qxd6 11. Qe5 Qxe5+ 12. dxe5 Nxd5 13. Nxd5 cxd5 14. Bxf4 1/2-1/2

[Event "Memorial Tadeusz Gniota (open)"]
[Site "Police (Poland)"]
[Date "2007.07.18"]
[Round "8"]
[White "Maes Wim (BEL)"]
[Black "Grabarczyk Bogdan (POL)"]
[Result "1/2-1/2"]
[WhiteElo "2319"]
[BlackElo "2437"]
[PlyCount "104"]
[EventDate "2007.??.??"]
[Source "www.chesslib.no"]
[SourceDate "2004.05.04"]

1. e4 e5 2. f4 d5 3. exd5 c6 4. Nc3 exf4 5. Nf3 Bd6 6. d4 Ne7 7. Bc4 O-O 8. O-O Bg4 9. Bb3 Bc7 10. Ne2 Ng6 11. dxc6 Nxc6 12. c3 Qf6 13. Kh1 Rae8 14. Neg1 Nce7 15. Bc2 Nf5 16. Bxf5 Qxf5 17. Re1 Qd7 18. Bd2 Nh4 19. Rxe8 Rxe8 20. Qf1 Nf5 21. Re1 Ne3 22. Qf2 Nc4 23. Bc1 f6 24. Rxe8+ Qxe8 25. Qe2 Qf7 26. b3 Nd6 27. Bxf4 g5 28. Bg3 Bf5 29. c4 b6 30. Nd2 h5 31. Qf2 Bc8 32. Ne2 h4 33. Bxd6 Bxd6 34. Nc3 Qg6 35. Nde4 Be7 36. Qe2 Bd8 37. Kg1 Bd7 38. Nf2 Bf5 39. Qf3 Kg7 40. h3 Qe8 41. Kf1 Qd7 42. Qe3 Kf7 43. Ke2 a6 44. Kf1 b5 45. d5 bxc4 46. bxc4 Ba5 47. Nce4 Bc7 48. Qd3 Kg6 49. d6 Bb6 50. Qd5 Be6 51. Qd3 Bf5 52. Qd5 Be6 1/2-1/2

[Event "San Bernardino Open"]
[Site "San Bernardino"]
[Date "1992.??.??"]
[Round "3"]
[White "Gallagher, Joseph G"]
[Black "Keller, Manfred"]
[Result "1-0"]
[WhiteElo "2510"]
[BlackElo "2230"]
[PlyCount "87"]
[EventDate "1992.09.??"]
[Source "www.chesslib.no"]
[SourceDate "2004.05.04"]

1. e4 e5 2. f4 d5 3. exd5 c6 4. Nc3 exf4 5. Nf3 Bd6 6. d4 Ne7 7. Bc4 cxd5 8. Bxd5 Nbc6 9. O-O O-O 10. Bb3 Bg4 11. Ne4 Bc7 12. c3 Ng6 13. h3 Bf5 14. Nfg5 Bxe4 15. Nxe4 Qh4 16. Qf3 Na5 17. Bd2 b6 18. Nf2 Nxb3 19. axb3 Qg3 20. Nd3 Qxf3 21. gxf3 Rfe8 22. Kf2 a5 23. Rfe1 f5 24. Rxe8+ Rxe8 25. b4 axb4 26. Nxb4 Bd8 27. Nd5 Bh4+ 28. Kf1 Bg3 29. c4 Nh4 30. Ra3 Rd8 31. Ne7+ Kf7 32. Nc6 Re8 33. d5 g5 34. Rd3 g4 35. hxg4 fxg4 36. fxg4 Ra8 37. Ne5+ Kf6 38. Bc3 Kg5 39. d6 f3 40. Bd2+ Bf4 41. d7 Bxd2 42. Rxd2 Kf4 43. Nc6 Kg3 44. d8=Q 1-0

[Event "FRA Team Ch"]
[Site "France"]
[Date "1989.??.??"]
[Round "?"]
[White "Herb, Pascal"]
[Black "Guigonis, Dominique"]
[Result "0-1"]
[WhiteElo "2405"]
[BlackElo "2325"]
[PlyCount "104"]
[EventDate "1989.??.??"]
[Source "www.chesslib.no"]
[SourceDate "2004.05.04"]

1. e4 e5 2. f4 exf4 3. Nf3 d5 4. exd5 c6 5. d4 Bd6 6. Nc3 Ne7 7. Bc4 O-O 8. O-O Bg4 9. dxc6 Nbxc6 10. Ne4 Rc8 11. Bb3 Bb8 12. c3 Ng6 13. Qd3 Bf5 14. Bd2 Nh4 15. Rae1 Nxf3+ 16. Qxf3 g5 17. Qh5 Bxe4 18. Rxe4 Na5 19. Bc2 f5 20. Re6 Rc7 21. Bxf5 Nc4 22. Bc1 Rcf7 23. Bd3 Nd6 24. Rfe1 Nf5 25. b3 Nh4 26. Bc4 f3 27. Rf1 b5 28. Bxg5 fxg2 29. Rxf7 Rxf7 30. Qxh4 Qf8 31. Rf6 bxc4 32. Rxf7 Qxf7 33. Kxg2 cxb3 34. axb3 Qxb3 35. Qf2 Qd5+ 36. Qf3 Qxg5+ 37. Kf1 Qb5+ 38. Ke1 Qe8+ 39. Kd1 Kh8 40. Qd5 Kg7 41. Qb7+ Kf6 42. c4 Kg5 43. Kc2 Bf4 44. Qg2+ Kf5 45. Qd5+ Kg4 46. Qg2+ Kf5 47. Qd5+ Kg4 48. Qg2+ Kf5 49. Qd5+ Kg4 50. Qg2+ Kh5 51. Qh3+ Kg5 52. Qxh7 Qa4+ 0-1

[Event "Tenkes Kupa"]
[Site "Harkany"]
[Date "1993.??.??"]
[Round "1"]
[White "Wells, Peter K"]
[Black "Ivan, Zoltan"]
[Result "1-0"]
[WhiteElo "2485"]
[BlackElo "2240"]
[PlyCount "83"]
[EventDate "1993.11.??"]
[Source "www.chesslib.no"]
[SourceDate "2004.05.04"]

1. e4 e5 2. f4 exf4 3. Nf3 d5 4. exd5 Bd6 5. Bc4 Bg4 6. O-O Ne7 7. Nc3 Nd7 8. Ne4 O-O 9. Nxd6 cxd6 10. d3 Ng6 11. d4 Nf6 12. Qd3 Rc8 13. Bb3 Qd7 14. Re1 Bf5 15. Qd1 Be4 16. c4 b5 17. Ng5 Bf5 18. c5 dxc5 19. dxc5 Rxc5 20. Qd4 Qd6 21. Bd2 Ra8 22. Bb4 Rc4 23. Qxc4 bxc4 24. Bxd6 cxb3 25. axb3 h6 26. Nf3 Nxd5 27. Ra5 Be6 28. Nd4 Ne3 29. Nxe6 fxe6 30. Bc5 Rd8 31. Bxe3 fxe3 32. Rxe3 Nf4 33. g3 Rd1+ 34. Kf2 Nh3+ 35. Kg2 Ng5 36. h4 Rd2+ 37. Kf1 Nh7 38. Rxe6 Rxb2 39. Re8+ Kf7 40. Re3 Rb1+ 41. Kg2 Rb2+ 42. Kf3 1-0

[Event "Paris Ch"]
[Site "Paris FRA"]
[Date "1990.??.??"]
[Round "?"]
[White "Gallagher, Joseph G"]
[Black "Boulard, Eric"]
[Result "1-0"]
[WhiteElo "2470"]
[BlackElo "2255"]
[PlyCount "69"]
[EventDate "1990.05.??"]
[Source "www.chesslib.no"]
[SourceDate "2004.05.04"]

1. e4 e5 2. f4 exf4 3. Nf3 d5 4. exd5 Bd6 5. d4 Ne7 6. c4 Ng6 7. Be2 O-O 8. O-O b6 9. Nc3 c6 10. dxc6 Nxc6 11. Nb5 Be7 12. d5 Bc5+ 13. Kh1 Nce7 14. Nfd4 a6 15. Nc3 Bd6 16. Ne4 Be5 17. Nf3 Bb8 18. b4 Bb7 19. Qc2 b5 20. Nc5 Bc8 21. Bb2 bxc4 22. Bxc4 Bd6 23. Ne4 Bxb4 24. Bxg7 Kxg7 25. Qb2+ f6 26. Qxb4 Nxd5 27. Bxd5 Qxd5 28. Rfd1 Qb5 29. Qd6 Bg4 30. Rab1 Qc4 31. Rb7+ Rf7 32. Qxf6+ Kg8 33. Rxf7 Qxf7 34. Nfg5 Qxf6 35. Nxf6+ 1-0

[Event "Clichy"]
[Site "Clichy"]
[Date "1997.??.??"]
[Round "8"]
[White "Murey, Jacob"]
[Black "Verat, Laurent"]
[Result "1-0"]
[WhiteElo "2420"]
[BlackElo "2300"]
[PlyCount "95"]
[EventDate "1997.??.??"]
[Source "www.chesslib.no"]
[SourceDate "2004.05.04"]

1. e4 e5 2. f4 d5 3. Nf3 exf4 4. exd5 c6 5. d4 Bd6 6. Nc3 Ne7 7. dxc6 Nbxc6 8. d5 Nb4 9. Bc4 O-O 10. a3 b5 11. Bxb5 Nbxd5 12. Nxd5 Nxd5 13. c4 Ne3 14. Bxe3 fxe3 15. O-O Qb6 16. Qe2 a5 17. Rad1 Bc5 18. h3 f6 19. Ne1 Bb7 20. Nd3 Bd4 21. Kh1 f5 22. Nf4 Rad8 23. b4 axb4 24. axb4 Qh6 25. c5 Kh8 26. Qc4 Be5 27. Rxd8 Rxd8 28. c6 Bxf4 29. cxb7 Bb8 30. Qc5 f4 31. Qe7 Qb6 32. Rc1 Rg8 33. Be2 Qd4 34. Bf3 Qd2 35. Rd1 Qf2 36. Qe6 Qc2 37. b5 h6 38. b6 Qc3 39. Qg6 Qb3 40. Rb1 e2 41. Bxe2 Qg3 42. Bd3 Qxg6 43. Bxg6 Rf8 44. Rc1 Kg8 45. Rc8 f3 46. gxf3 h5 47. Kg2 h4 48. Be8 1-0

[Event "Kilkenny op"]
[Site "Kilkenny"]
[Date "1996.??.??"]
[Round "5"]
[White "Conquest, Stuart"]
[Black "Fox, Anthony"]
[Result "1-0"]
[WhiteElo "2585"]
[BlackElo "2135"]
[PlyCount "69"]
[EventDate "1996.11.29"]
[Source "ChessBase"]

1. e4 e5 2. f4 exf4 3. Nf3 d5 4. Nc3 dxe4 5. Nxe4 Nf6 6. Nxf6+ Qxf6 7. d4 Bd6 8. Bd3 O-O 9. O-O Bg4 10. c3 Nc6 11. Qc2 h6 12. Nd2 g5 13. Ne4 Qe7 14. Bd2 Rae8 15. Rae1 Qd8 16. b4 Be7 17. Kh1 f5 18. Nf2 Bf6 19. h3 Bh5 20. Bxf5 Ne7 21. Be4 c6 22. Nd3 b6 23. Ne5 Qc7 24. c4 Bxe5 25. dxe5 Bf7 26. e6 Bxe6 27. Bh7+ Kf7 28. Bc3 Bxh3 29. gxh3 Qd7 30. Kh2 Qd6 31. c5 bxc5 32. bxc5 Qxc5 33. Rxe7+ Kxe7 34. Bf6+ Kxf6 35. Qxc5 1-0

[Event "MT"]
[Site "Hofheim MT"]
[Date "1995.??.??"]
[Round "9"]
[White "Schaack, Harry"]
[Black "Zude, Arno"]
[Result "1/2-1/2"]
[WhiteElo "2285"]
[BlackElo "2430"]
[PlyCount "71"]
[EventDate "1995.??.??"]
[Source "www.chesslib.no"]
[SourceDate "2004.05.04"]

1. e4 e5 2. f4 d5 3. exd5 c6 4. Nc3 exf4 5. Nf3 Bd6 6. Bc4 Ne7 7. dxc6 Nbxc6 8. d4 O-O 9. O-O Bg4 10. Ne4 Rc8 11. c3 Bb8 12. Bb3 Nd5 13. Nf2 Bh5 14. Nd3 Nce7 15. Qe1 Ng6 16. Nfe5 Nxe5 17. Nxe5 f6 18. Qe4 fxe5 19. Bxd5+ Kh8 20. dxe5 Bg6 21. Qd4 Bxe5 22. Qxe5 Rf5 23. Qe1 Qxd5 24. Rxf4 Re8 25. Qf1 Qc5+ 26. Kh1 Qb5 27. Rxf5 Re3 28. Bd2 Qb3 29. Re1 Re4 30. Re3 Qd5 31. Qc1 Qxa2 32. Rc5 Qa6 33. Qf1 b6 34. Qg1 Be8 35. Rf5 Bb5 36. Bc1 1/2-1/2

[Event "Hofheim MT"]
[Site "Hofheim"]
[Date "1995.??.??"]
[Round "9"]
[White "Schaack, Harry"]
[Black "Zude, Arno"]
[Result "1/2-1/2"]
[WhiteElo "2285"]
[BlackElo "2430"]
[PlyCount "71"]
[EventDate "1995.??.??"]
[Source "www.chesslib.no"]
[SourceDate "2004.05.04"]

1. e4 e5 2. f4 d5 3. exd5 c6 4. Nc3 exf4 5. Nf3 Bd6 6. Bc4 Ne7 7. dxc6 Nbxc6 8. d4 O-O 9. O-O Bg4 10. Ne4 Rc8 11. c3 Bb8 12. Bb3 Nd5 13. Nf2 Bh5 14. Nd3 Nce7 15. Qe1 Ng6 16. Nfe5 Nxe5 17. Nxe5 f6 18. Qe4 fxe5 19. Bxd5+ Kh8 20. dxe5 Bg6 21. Qd4 Bxe5 22. Qxe5 Rf5 23. Qe1 Qxd5 24. Rxf4 Re8 25. Qf1 Qc5+ 26. Kh1 Qb5 27. Rxf5 Bxf5 28. Bd2 Qxb2 29. Re1 Rxe1 30. Qxe1 Qxa2 31. Qe8+ Qg8 32. Qe5 Bd7 33. Bh6 Qf7 34. Bxg7+ Qxg7 35. Qb8+ Qg8 36. Qe5+ 1/2-1/2

[Event "Kuala Lumpur op"]
[Site "Kuala Lumpur"]
[Date "1992.??.??"]
[Round "2"]
[White "Gallagher, Joseph G"]
[Black "Ong Chong Ghee"]
[Result "1-0"]
[WhiteElo "2510"]
[BlackElo "2205"]
[PlyCount "73"]
[EventDate "1992.??.??"]
[Source "ChessBase"]

1. e4 e5 2. f4 d5 3. exd5 c6 4. Nc3 exf4 5. Nf3 Bd6 6. d4 Ne7 7. Bc4 O-O 8. O-O Bg4 9. dxc6 Nbxc6 10. Ne4 Bc7 11. c3 Rc8 12. Bb3 Ng6 13. h3 Bh5 14. Qd3 Bb6 15. Kh1 a6 16. Neg5 Bxf3 17. Nxf3 Qf6 18. Bd2 Rce8 19. Rae1 h6 20. Bc2 Bc7 21. b4 Qd8 22. a4 Rxe1 23. Rxe1 Re8 24. b5 Rxe1+ 25. Bxe1 axb5 26. axb5 Nce7 27. c4 Qd7 28. Bb4 Bd6 29. Bxd6 Qxd6 30. c5 Qd8 31. Bb3 Qc8 32. d5 Nf8 33. d6 Nf5 34. Qd5 Qd7 35. Ne5 Ng3+ 36. Kh2 Qxb5 37. Qxf7+ 1-0

[Event "Baden-Baden Open"]
[Site "Baden-Baden GER"]
[Date "1993.??.??"]
[Round "2"]
[White "Syska, Albert"]
[Black "Mandl, Robert"]
[Result "1/2-1/2"]
[WhiteElo "2290"]
[BlackElo "2420"]
[PlyCount "95"]
[EventDate "1993.08.??"]
[Source "www.chesslib.no"]
[SourceDate "2004.05.04"]

1. e4 e5 2. f4 d5 3. exd5 exf4 4. Nf3 c6 5. Nc3 Bd6 6. d4 Ne7 7. Bd3 Nxd5 8. Nxd5 cxd5 9. O-O Nc6 10. Ne5 Nxe5 11. dxe5 Bc5+ 12. Kh1 g5 13. b4 Bf8 14. Qh5 Bg7 15. Bb5+ Kf8 16. Bb2 Be6 17. Bd4 h6 18. Be2 Kg8 19. g3 fxg3 20. hxg3 Qc7 21. Bd3 Bxe5 22. Rae1 Bxd4 23. Rxe6 Bg7 24. Qe2 Rf8 25. Rf3 g4 26. Rf4 h5 27. Re7 Qd6 28. Kg2 h4 29. Rxg4 hxg3 30. Qe5 Qh6 31. Qxg3 Qh1+ 32. Kf2 Rh2+ 33. Ke3 Qc1+ 34. Kf3 Qd1+ 35. Be2 Qh1+ 36. Ke3 Qc1+ 37. Kd3 Qa3+ 38. Kd2 Qxg3 39. Rxg3 Kh8 40. Kd3 Rc8 41. Kd2 Bf8 42. Rxf7 Bxb4+ 43. c3 Rxc3 44. Rxc3 d4 45. Rxb7 dxc3+ 46. Kd3 a5 47. Rc7 Kg8 48. a3 1/2-1/2

[Event "Philadelphia"]
[Site "Philadelphia, PA USA"]
[Date "1989.??.??"]
[Round "4"]
[White "Popovych, Orest"]
[Black "Garcia, Gildardo"]
[Result "1/2-1/2"]
[WhiteElo "2270"]
[BlackElo "2430"]
[PlyCount "105"]
[EventDate "1989.??.??"]
[Source "www.chesslib.no"]
[SourceDate "2004.05.04"]

1. e4 e5 2. f4 d5 3. exd5 exf4 4. Nf3 c6 5. Nc3 Bd6 6. d4 Ne7 7. dxc6 Nbxc6 8. d5 Nb4 9. Bc4 O-O 10. a3 b5 11. Bb3 Na6 12. Nxb5 Qa5+ 13. Nc3 Nc5 14. O-O Nxb3 15. cxb3 Bb7 16. b4 Bxb4 17. axb4 Qxa1 18. d6 Ng6 19. h4 Qa6 20. h5 Bxf3 21. gxf3 Ne5 22. Bxf4 Nd3 23. Bh2 Rad8 24. Ne4 Qc4 25. h6 f5 26. b3 Qd4+ 27. Nf2 Ne5 28. Qxd4 Nxf3+ 29. Kh1 Nxd4 30. hxg7 Rf6 31. Rd1 Rfxd6 32. Bxd6 Rxd6 33. Kg2 Kxg7 34. Nh3 Kf6 35. Kf2 Ke7 36. Nf4 Nxb3 37. Re1+ Kf7 38. Rh1 h6 39. Rh5 Nd4 40. Nd3 Kg6 41. Nf4+ Kg7 42. Ng2 Rb6 43. Nh4 Rb5 44. Nf3 Nc6 45. Nh4 Nxb4 46. Nxf5+ Kf8 47. Kf3 Nc6 48. Ke4 Ne7 49. Rxh6 Rb4+ 50. Nd4 Rxd4+ 51. Kxd4 Nf5+ 52. Kc4 Nxh6 53. Kb5 1/2-1/2

[Event "Berlin Neukoelln"]
[Site "Berlin West"]
[Date "1988.??.??"]
[Round "?"]
[White "Weber, Siegfried"]
[Black "Cladouras, Panagiotis"]
[Result "0-1"]
[WhiteElo "2315"]
[BlackElo "2380"]
[PlyCount "36"]
[EventDate "1988.??.??"]
[Source "www.chesslib.no"]
[SourceDate "2004.05.04"]

1. e4 e5 2. f4 exf4 3. Nf3 d5 4. exd5 Bd6 5. d4 Nf6 6. c4 O-O 7. Be2 Re8 8. O-O c5 9. dxc6 Nxc6 10. Nc3 Bb8 11. d5 Ne7 12. Ne1 g5 13. g3 Ng6 14. Nd3 Bh3 15. Rf2 fxg3 16. hxg3 Bxg3 17. Bxg5 Bxf2+ 18. Nxf2 Qd6 0-1

[Event "Open"]
[Site "op Oberwart"]
[Date "1995.??.??"]
[Round "?"]
[White "Mohr, Stefan"]
[Black "Lenz, Alarich"]
[Result "1-0"]
[WhiteElo "2455"]
[BlackElo "2220"]
[PlyCount "57"]
[EventDate "1995.??.??"]
[Source "www.chesslib.no"]
[SourceDate "2004.05.04"]

1. e4 e5 2. f4 exf4 3. Nf3 d5 4. exd5 Bd6 5. d4 c6 6. Nc3 Ne7 7. dxc6 Nbxc6 8. Bc4 O-O 9. O-O Bg4 10. Ne4 Bc7 11. c3 Ng6 12. Nf2 Bh5 13. Qd3 Nh4 14. Nxh4 Qxh4 15. Qh3 Qxh3 16. Nxh3 Rac8 17. Bd3 Rfe8 18. Bxf4 Be2 19. Bxe2 Rxe2 20. Rfe1 Rxe1+ 21. Rxe1 f6 22. Kf2 Kf7 23. Kf3 Na5 24. Bxc7 Rxc7 25. Nf4 Nc4 26. b3 Nd6 27. c4 b6 28. Nd5 Rd7 29. Ne3 1-0

[Event "JUG Cup"]
[Site "Ulcinj"]
[Date "1998.??.??"]
[Round "5"]
[White "Dekic, Josip"]
[Black "Vukanovic, Sasa"]
[Result "1/2-1/2"]
[WhiteElo "2300"]
[BlackElo "2375"]
[PlyCount "69"]
[EventDate "1998.??.??"]
[Source "www.chesslib.no"]
[SourceDate "2004.05.04"]

1. e4 e5 2. f4 d5 3. exd5 c6 4. Nc3 exf4 5. Nf3 Bd6 6. d4 Ne7 7. dxc6 Nbxc6 8. Ne4 Bc7 9. Bc4 O-O 10. O-O Bg4 11. c3 Nf5 12. Qd3 Nd6 13. Bxf4 Nxc4 14. Bxc7 Nxb2 15. Bxd8 Nxd3 16. Bc7 Rfe8 17. Nd6 Re7 18. Rad1 Nf4 19. Nb5 Ne2+ 20. Kf2 Nxc3 21. Nxc3 Rxc7 22. d5 Bxf3 23. gxf3 Ne5 24. Ne4 Rd8 25. d6 Rc6 26. Rd5 f6 27. f4 Rc2+ 28. Ke3 Ng4+ 29. Kd3 Rxa2 30. Rc1 Ra3+ 31. Kd2 Ne3 32. Rdc5 Kf8 33. Rc8 Ke8 34. R1c7 Nf5 35. Nc5 1/2-1/2

[Event "Eger Open"]
[Site "Eger"]
[Date "1993.??.??"]
[Round "2"]
[White "Karacsony, Attila"]
[Black "Eismont, Oleg"]
[Result "0-1"]
[WhiteElo "2250"]
[BlackElo "2415"]
[PlyCount "54"]
[EventDate "1993.??.??"]
[Source "www.chesslib.no"]
[SourceDate "2004.05.04"]

1. e4 e5 2. f4 d5 3. exd5 c6 4. Nc3 exf4 5. Nf3 Bd6 6. d4 Ne7 7. dxc6 Nbxc6 8. Ne4 Bc7 9. c3 O-O 10. Bd3 Bg4 11. O-O Qd7 12. Nc5 Qc8 13. Qc2 h6 14. h3 Bh5 15. Nh4 b6 16. Na6 Bd6 17. Bxf4 Bxf4 18. Rxf4 g5 19. Rf6 Kg7 20. Raf1 gxh4 21. Qf2 Qd7 22. Qf4 Bg6 23. Nc7 Rac8 24. d5 Nxd5 25. Nxd5 Qxd5 26. Bxg6 fxg6 27. c4 Qd4+ 0-1

[Event "Espoo"]
[Site "Espoo"]
[Date "1987.??.??"]
[Round "3"]
[White "Ebeling, Mika"]
[Black "Valkesalmi, Kimmo"]
[Result "1/2-1/2"]
[WhiteElo "2275"]
[BlackElo "2390"]
[PlyCount "30"]
[EventDate "1987.??.??"]
[Source "www.chesslib.no"]
[SourceDate "2004.05.04"]

1. e4 e5 2. f4 d5 3. exd5 c6 4. Nc3 exf4 5. Nf3 Bd6 6. Bc4 Ne7 7. dxc6 Nbxc6 8. d4 Bf5 9. O-O O-O 10. a3 Rc8 11. Kh1 Ng6 12. Bd3 Nce7 13. Ne4 Bb8 14. c3 h6 15. Qc2 Qd7 1/2-1/2

[Event "Decin-B 8th"]
[Site "Decin CZE"]
[Date "1978.06.15"]
[Round "6"]
[White "Gross, Stefan"]
[Black "Mokry, Karel"]
[Result "1-0"]
[WhiteElo "2355"]
[BlackElo "2310"]
[PlyCount "55"]
[EventDate "1978.06.10"]
[Source "www.chesslib.no"]
[SourceDate "2004.05.04"]

1. e4 e5 2. f4 exf4 3. Nf3 d5 4. exd5 Bd6 5. d4 c6 6. dxc6 bxc6 7. Bc4 Ne7 8. Nc3 O-O 9. O-O Bg4 10. Ne4 Bc7 11. c3 Nd7 12. Qc2 h6 13. Bd2 g5 14. h4 Bxf3 15. Rxf3 Nd5 16. hxg5 hxg5 17. Rh3 f5 18. Rh5 Kg7 19. Nxg5 Qe8 20. Rh7+ Kg6 21. Re1 Ne3 22. Bxe3 fxe3 23. Bf7+ Rxf7 24. Rxf7 Nf6 25. g4 Ne4 26. Rxf5 Nxg5 27. Re5+ Kh6 28. Qh2+ 1-0